An international politics of Czech architecture; or, reviving the international in international political sociology

Titel: An international politics of Czech architecture; or, reviving the international in international political sociology / Benjamin Tallis
Verfasser:
In: Globalizations, Band 17, Heft 3 (2020), Seite 452-476
alle Artikel anzeigen
Veröffentlicht: 2020
Umfang: 11 Illustrationen
Format: Aufsatz
Sprache: Englisch
Schlagworte:
Kein Bild verfügbar
X
alg: 53318153
001A    $03025:11-09-25 
001B    $03025:11-09-25 $t12:09:23.000 
001D    $03025:11-09-25 
001U    $0utf8 
001X    $00 
002@    $0Oou 
002C    $aText $btxt $2rdacontent 
002D    $aComputermedien $bc $2rdamedia 
002E    $aOnline-Ressource $bcr $2rdacarrier 
003@    $0533181534 
009Q    $uhttps://doi.org/10.1080/14747731.2019.1676586 $xVolltext 
010@    $aeng 
010E    $erda 
011@    $a2020 
021A    $aAn @international politics of Czech architecture; or, reviving the international in international political sociology $hBenjamin Tallis 
028A    $BVerfasser $4aut $71156407958 $8Tallis, Benjamin [Tp3] $9428597165 
031A    $d17 $e3 $h452-476 $j2020 
034M    $a11 Illustrationen 
039B    $aEnthalten in $8--Obvc--. Globalizations. - London {[u.a.] : Routledge, 2004-. - Online-Ressource. - ISSN 1474-774X $x202000000170003548 $9123662877 
044K    $RProtektorat Böhmen und Mähren $RBöhmische Länder $RTschechoslowakei $#Böhmen $#Čech $#Königreich Böhmen $#České Království $#Království České $#Kronland Böhmen $#Čechy $#Ceské Království $#Království Ceské $74007467-5 $8Böhmen [Tg1] $9085012173 
044K    $RProtektorat Böhmen und Mähren $RSlowakei $RSlowakei $RTschechien $#Tschechoslowakei $#Tschechoslowakei $#Tschechoslowakei $#Tschechische und Slowakische Föderative Republik $#République Tchéco-Slovaque $#Tchécoslovaquie $#Československá Federativní Republika $#Česká a Slovenská Federativní Republika $#Czech and Slovak Federal Republic $#ČSFR $#ČSSR $#ČSR $#RČS $#Československo $#Československá Socialistická Republika $#Československá Republika $#Tschechoslowakische Sozialistische Republik $#Tschechoslowakische Republik $#Tschechoslowakische Föderative Republik $#Republika Československá $#Czechoslovakia $#Čechoslovakische Republik $#République Tchécho-Slovaque $#Tchéchoslovaquie $#Czechoslovak Socialist Republic $#Checoeslovaquia $#Cecoslovacchia $#Čechoslovakija $#République tchécoslovaque $74078435-6 $8Tschechoslowakei [Tg1] $9085222305 
044K    $RBöhmische Länder $RČeská SR $RTschechoslowakei $#Tschechien $#Tschechische Republik $#Tschechien $#Tschechische Republik $#Tschechenland $#Tschechei Tschechien $#Česká Republika $#Czech Republic $#ČR $74303381-7 $8Tschechien [Tg1] $9086659812 
044K    $RArchitekt $RBaudenkmal $RBauweise $RInnenarchitektur $#Architecture $#Architecture $#Baukunst $74002851-3 $8Architektur [Ts1] $9084999292 
044K    $RWeltpolitik $RAußenpolitik $RInternationales politisches System $#International relations $#Relations internationales $#Relazioni internazionali $#Relaciones internacionales $#Internationale Politik $#internationale Politik $#bilaterale Beziehungen $#internationale Beziehungen $#Internationale Beziehungen $#Politische Beziehungen Internationale Politik $#Zwischenstaatliche Beziehungen $74072885-7 $8Internationale Politik [Tsz] $9085205222 
044K    $RAuswirkung $RFortleben $#Influence (Literary, artistic, etc.) $#Influence littéraire, artistique, etc. $#Rezeption $#Fortwirken $#Nachwirkung Rezeption $#Nachleben $#Wirkungsgeschichte $#Aneignung Rezeption $74049716-1 $8Rezeption [Tsz] $9085138584 
044K    $RKultur $#Ethnic relations $#Cultural relations $#Relations interethniques $#Relations culturelles $#Relaciones étnicas $#Relaciones culturales $#Interkulturelle Beziehungen $#kulturelle Beziehungen $#Internationale Kulturbeziehungen $#Kulturelle Beziehungen $#Kulturbeziehung $74033552-5 $8Kulturbeziehungen [Ts1] $9085089621 
045F    $a709.437109034 $eDDC23BSB 
045F/01 $a709 
045F/03 $f09034 
045F/03 $f0904 
045F/03 $g4371 
045R    $aGeschichte 1880-2020 

lok: 53318153 78

exp: 53318153 78 1 #EPN
201B/01 $011-09-25 $t11:18:52.000 
201C/01 $011-09-25 
201U/01 $0utf8 
203@/01 $01317965310 
208@/01 $a11-09-25 $be 
209A/01 $a/ $f000 $x00 
209A/01 $ab*p $x01 
220C/01 $apgar 
244Z/01 $#Böhmische Kronländer $#Länder der Böhmischen Krone $#Sudetenland $#Böhmen $#Mähren $#Mährisch-Schlesien $#Österreichisch-Schlesien $#Tschechische Sozialistische Republik Böhmische Länder $#Tschechei Böhmische Länder $#Země koruny české $74069573-6 $8--Tg1--Böhmische Länder $x03 $9085195553 
247C/01 $82080>Marburg/Lahn, Herder-Institut, Forschungsbibliothek, Bibliographieportal $9336309341
LEADER 00000naa a2200000 c 4500
001 533181534
003 DE-603
005 20250911120923.0
007 cr||||||||||||
008 250911s2020 xx |||| o| u00||u|eng c
035 |a (DE-599)HEB533181534 
040 |a DE-603  |b ger  |c DE-603  |d DE-603  |e rda 
041 |a eng 
082 0 4 |8 1\u  |a 709.437109034  |q DE-101  |2 23/BSB 
085 |8 1\u  |b 709 
085 |8 1\u  |z 1  |s 09034 
085 |8 1\u  |z 1  |s 0904 
085 |8 1\u  |z 2  |s 4371 
100 1 |a Tallis, Benjamin  |e Verfasser  |4 aut  |0 (DE-603)428597165  |0 (DE-588)1156407958  |2 gnd 
245 0 0 |a ˜Anœ international politics of Czech architecture; or, reviving the international in international political sociology  |c Benjamin Tallis 
264 0 |c 2020 
300 |b 11 Illustrationen 
336 |a Text  |b txt  |2 rdacontent 
337 |a Computermedien  |b c  |2 rdamedia 
338 |a Online-Ressource  |b cr  |2 rdacarrier 
648 7 |a Geschichte 1880-2020  |2 gnd 
650 7 |a Architektur  |0 (DE-588)4002851-3  |0 (DE-603)084999292  |2 gnd 
650 7 |a Internationale Politik  |0 (DE-588)4072885-7  |0 (DE-603)085205222  |2 gnd 
650 7 |a Rezeption  |0 (DE-588)4049716-1  |0 (DE-603)085138584  |2 gnd 
650 7 |a Kulturbeziehungen  |0 (DE-588)4033552-5  |0 (DE-603)085089621  |2 gnd 
651 7 |a Böhmen  |0 (DE-588)4007467-5  |0 (DE-603)085012173  |2 gnd 
651 7 |a Tschechoslowakei  |0 (DE-588)4078435-6  |0 (DE-603)085222305  |2 gnd 
651 7 |a Tschechien  |0 (DE-588)4303381-7  |0 (DE-603)086659812  |2 gnd 
773 0 8 |i Enthalten in  |t Globalizations  |d London ˜[u.a.] œ: Routledge, 2004-  |h Online-Ressource  |x 1474-774X  |g Band 17, Heft 3 (2020), Seite 452-476  |w (DE-603)123662877  |w (DE-600)2160612-2 
856 |u https://doi.org/10.1080/14747731.2019.1676586 
924 1 |9 2080  |a (DE-603)1317965310  |b DE-2080  |c HES  |d d  |g /